000 00451nam a2200157 i 4500
001 23310
003 ES-MaACL
005 20230906152842.0
007 t|
008 021210s1968 sp ||||1| spa d
100 1 _aAlvarez, Lilí.
_920657
245 1 3 _aEl mito del "amateurismo"
_b: (reflexiones deportivas) /
_cLilí Alvarez.
260 _aMadrid :
_bPrensa Española,
_c1968.
300 _a174 p. ;
_c18 cm.
852 _aES-MaACL
_jC-34801
_bR.66655
999 _c23310
_d23310